El aire y los sueños: ensayo sobre la imaginación del movimiento

Uloženo v:
Podrobná bibliografie
Hlavní autor: Bachelard, Gaston (Autor)
Médium: Kniha
Jazyk:španělština
Vydáno: Ciudad de México Fondo de Cultura Económica 1958
Vydání:1a. ed
Edice:Breviarios, 139
Témata:
Tagy: Přidat tag
Žádné tagy, Buďte první, kdo vytvoří štítek k tomuto záznamu!

MARC

LEADER 00000cam a2200000 a 4500
001 UCX2296
003 CL-VaPUC
008 910417e19580000MX |||||||||||||||||spa|d
020 |a 9681641787 
082 0 4 |a 844  |b BAC  |2 21 
100 |a Bachelard, Gaston  |e author  |9 348800 
245 1 3 |a El aire y los sueños: ensayo sobre la imaginación del movimiento 
250 |a 1a. ed 
300 |a 327 p 
942 |c BK 
945 |d 19910417 00:00:00 
260 |a Ciudad de México  |b Fondo de Cultura Económica  |c 1958 
650 0 |a Ensayos franceses  |9 265511 
650 7 |a IMAGINISMO  |2 CL-VaPUC  |9 318169 
650 0 |a Poesía   |9 265825 
650 0 |a Psicología aplicada   |9 270762 
583 |a last modification  |c 20130102 10:07:57  |k Rodrigo Vera 
490 0 |a Breviarios, 139 
999 |c 223346  |d 223344 
952 |0 0  |1 0  |4 0  |6 844_000000000000000_BAC_1958  |7 0  |8 A  |9 219033  |a FDOPOS  |b FDOPOS  |d 2019-11-15  |i 3118738  |o 844 BAC 1958  |p 3118738  |r 2025-01-22  |w 2019-11-15  |y BK  |k MLH 
952 |0 0  |1 0  |4 0  |6 844_000000000000000_BAC_1958  |7 0  |8 A  |9 219034  |a BIBART  |b BIBART  |d 2019-11-15  |i 4906306  |l 4  |o 844 BAC 1958  |p 4906306  |r 2025-03-13  |s 2023-09-28  |w 2019-11-15  |y BK  |k ART